| 000 | 00823cam a2200313 4500 | ||
|---|---|---|---|
| 001 | ABS63972 | ||
| 008 | 000000n2001 000 0 eng u | ||
| 035 | _a(Sirsi) u112749 | ||
| 245 | _aFocus 2001: Belfast and Dublin | ||
| 260 | _c2001 | ||
| 490 |
_aEstates Gazette _v(0119) 12 May 2001, 75-105(16) |
||
| 590 | _aABS | ||
| 650 | _aBELFAST | ||
| 650 | _aDUBLIN | ||
| 650 | _aINVESTMENT MARKET | ||
| 650 | _aREGENERATION | ||
| 650 | _aEUROPE | ||
| 650 | _aPOPULATION GROWTH | ||
| 650 | _aUNITED STATES | ||
| 650 | _aECONOMY | ||
| 650 | _aWATERSIDE DEVELOPMENTS | ||
| 650 | _aRESIDENTIAL MARKET | ||
| 650 | _aSTAFFING | ||
| 650 | _aREPUBLIC OF IRELAND | ||
| 650 | _aNORTHERN IRELAND | ||
| 650 | _aLEISURE MARKET | ||
| 690 | _aPROPERTY-COMMERCIAL PROPERTY-COMMERCIAL PROPERTY MARKET | ||
| 942 | _n0 | ||
| 999 |
_c67134 _d67134 |
||